[Event "Erandio op 28th"]
[Site "Erandio"]
[Date "2019.12.20"]
[Round "7"]
[White "Garrido Legarreta, Jose Javier"]
[Black "Silva, Jorge"]
[Result "1/2-1/2"]
[WhiteElo "1985"]
[BlackElo "1963"]
[PlyCount "185"]
[EventDate "2019.12.14"]
[EventType "swiss"]
[EventRounds "8"]
[EventCountry "ESP"]
[SourceTitle "CBM 194 Extra"]
[Source "ChessBase"]
[SourceDate "2020.03.31"]
[SourceVersion "1"]
[SourceVersionDate "2020.03.31"]
[SourceQuality "1"]

1. d4 Nf6 2. c4 e6 3. Nc3 d5 4. Bg5 Be7 5. Nf3 h6 6. Bxf6 Bxf6 7. e3 0-0 8. Rc1 c6 9. Bd3 Nd7 10. 0-0 Qa5 11. Qc2 Rd8 12. Rfd1 b6 13. a3 dxc4 14. Bxc4 Bb7 15. e4 Rac8 16. e5 Be7 17. Ra1 b5 18. b4 Qc7 19. Bd3 Nb6 20. Ne4 Nd5 21. Nc5 Ra8 22. Rdc1 Rdc8 23. Be4 a5 24. Bxd5 cxd5 25. Qb2 Bc6 26. Rc3 Qa7 27. Rac1 axb4 28. axb4 Qa2 29. Qxa2 Rxa2 30. h3 Be8 31. Nb7 Rc4 32. Nd6 Bxd6 33. exd6 f6 34. Kf1 Ra6 35. Nd2 Rxc3 36. Rxc3 Rxd6 37. Rc8 Kf7 38. Nb3 Rc6 39. Rxc6 Bxc6 40. Ke2 Ke7 41. f4 g5 42. Kf3 Be8 43. h4 gxf4 44. Kxf4 Bg6 45. Nc5 Kd6 46. Nb7+ Ke7 47. Nc5 Be8 48. g4 Bg6 49. g5 fxg5+ 50. hxg5 h5 51. Nb7 Bf5 52. Nc5 h4 53. Nb3 h3 54. Kg3 Kf7 55. Nd2 Kg6 56. Nf3 Kh5 57. Kf4 Be4 58. g6 Bxg6 59. Kg3 Bf5 60. Ne5 Kg5 61. Nf7+ Kf6 62. Ne5 Kg5 63. Nf7+ Kh5 64. Ne5 Kh6 65. Nf7+ Kg7 66. Ne5 Kf6 67. Nf3 Be4 68. Ne5 Bg2 69. Kf4 Bf1 70. Nf3 Be2 71. Nh2 Kg6 72. Ke3 Bd1 73. Kf4 Kh5 74. Nf1 Kh4 75. Nh2 Be2 76. Ke3 Kg3 77. Kxe2 Kg2 78. Nf3 h2 79. Nxh2 Kxh2 80. Kf3 Kg1 81. Kg3 Kf1 82. Kf3 Ke1 83. Ke3 Kd1 84. Kd3 Kc1 85. Kc3 Kb1 86. Kb3 Ka1 87. Ka3 Kb1 88. Kb3 Kc1 89. Kc3 Kd1 90. Kd3 Ke1 91. Ke3 Kf1 92. Kf3 Kg1 93. Kg3 1/2-1/2

[Event "Erandio op 28th"]
[Site "Erandio"]
[Date "2019.12.19"]
[Round "6"]
[White "Caballero Acosta, Erlantz"]
[Black "Garrido Legarreta, Jose Javier"]
[Result "0-1"]
[WhiteElo "1721"]
[BlackElo "1985"]
[PlyCount "68"]
[EventDate "2019.12.14"]
[EventType "swiss"]
[EventRounds "8"]
[EventCountry "ESP"]
[SourceTitle "CBM 194 Extra"]
[Source "ChessBase"]
[SourceDate "2020.03.31"]
[SourceVersion "1"]
[SourceVersionDate "2020.03.31"]
[SourceQuality "1"]

1. e4 c5 2. Nc3 Nc6 3. f4 e6 4. Nf3 a6 5. Be2 d5 6. d3 d4 7. Nb1 Nf6 8. 0-0 Be7 9. Nbd2 b5 10. h3 0-0 11. Qe1 Nd7 12. Qg3 Nb4 13. Bd1 f5 14. Ne5 Bh4 15. Qf3 Nxe5 16. fxe5 Bb7 17. a3 Nc6 18. Qe2 Be7 19. exf5 exf5 20. a4 Qd5 21. Nf3 b4 22. Bf4 Rae8 23. c4 dxc3 24. bxc3 Rd8 25. Rb1 Qxd3 26. Qxd3 Rxd3 27. cxb4 Nxb4 28. Be2 Rdd8 29. Ng5 Bd5 30. Bf3 h6 31. Bxd5+ Rxd5 32. Ne6 Rc8 33. Bh2 g5 34. Rfc1 h5 0-1

[Event "Erandio op 28th"]
[Site "Erandio"]
[Date "2019.12.18"]
[Round "5"]
[White "Garrido Legarreta, Jose Javier"]
[Black "Sarralde Marco, Emilio"]
[Result "1-0"]
[WhiteElo "1985"]
[BlackElo "1833"]
[PlyCount "89"]
[EventDate "2019.12.14"]
[EventType "swiss"]
[EventRounds "8"]
[EventCountry "ESP"]
[SourceTitle "CBM 194 Extra"]
[Source "ChessBase"]
[SourceDate "2020.03.31"]
[SourceVersion "1"]
[SourceVersionDate "2020.03.31"]
[SourceQuality "1"]

1. d4 Nf6 2. c4 e6 3. Nf3 d5 4. Nc3 Be7 5. Bg5 c6 6. e3 0-0 7. Rc1 Nbd7 8. Bd3 b6 9. 0-0 Bb7 10. cxd5 exd5 11. Bxf6 Nxf6 12. Ne5 c5 13. Bb5 Qc7 14. f4 c4 15. g4 a6 16. g5 axb5 17. Nxb5 Qd8 18. gxf6 Bxf6 19. a3 Ra5 20. Nc3 b5 21. Rc2 Qd6 22. Rg2 Bxe5 23. dxe5 Qc5 24. Qd4 Qxd4 25. exd4 Bc6 26. f5 Ra7 27. e6 f6 28. Re2 Re7 29. Na2 Rd8 30. Nb4 Be8 31. Re3 Rd6 32. b3 Ra7 33. a4 cxb3 34. axb5 Bxb5 35. Rb1 Ra8 36. Rbxb3 Bc4 37. Rbc3 g6 38. Rxc4 dxc4 39. Rc3 gxf5 40. Rxc4 Rad8 41. d5 Re8 42. Rc6 Rxc6 43. Nxc6 Kf8 44. Kf2 Rc8 45. Ke3 1-0

[Event "Erandio op 28th"]
[Site "Erandio"]
[Date "2019.12.16"]
[Round "3"]
[White "Garrido Legarreta, Jose Javier"]
[Black "Perez Fernandez, Modesto C"]
[Result "1/2-1/2"]
[WhiteElo "1985"]
[BlackElo "2134"]
[PlyCount "59"]
[EventDate "2019.12.14"]
[EventType "swiss"]
[EventRounds "8"]
[EventCountry "ESP"]
[SourceTitle "CBM 194 Extra"]
[Source "ChessBase"]
[SourceDate "2020.03.31"]
[SourceVersion "1"]
[SourceVersionDate "2020.03.31"]
[SourceQuality "1"]

1. c4 Nf6 2. Nc3 e6 3. d4 d5 4. cxd5 exd5 5. Bg5 Be7 6. e3 c6 7. Bd3 0-0 8. Qc2 Nbd7 9. Nf3 Re8 10. 0-0 Nf8 11. h3 Ne4 12. Bxe7 Qxe7 13. Bxe4 dxe4 14. Nd2 f5 15. Rab1 Be6 16. b4 a6 17. a4 Nd7 18. a5 Nf6 19. Na4 Nd5 20. Qc5 Rad8 21. Qxe7 Rxe7 22. Nc5 Nc3 23. Rb2 Bd5 24. Re1 Kf7 25. Rc2 Nb5 26. Nc4 Bxc4 27. Rxc4 Na3 28. Rc3 Nb5 29. Rc4 Na3 30. Rc3 1/2-1/2

[Event "Erandio op 28th"]
[Site "Erandio"]
[Date "2019.12.15"]
[Round "2"]
[White "Cerezo Goikolea, Pedro Maria"]
[Black "Garrido Legarreta, Jose Javier"]
[Result "0-1"]
[WhiteElo "1670"]
[BlackElo "1985"]
[PlyCount "84"]
[EventDate "2019.12.14"]
[EventType "swiss"]
[EventRounds "8"]
[EventCountry "ESP"]
[SourceTitle "CBM 194 Extra"]
[Source "ChessBase"]
[SourceDate "2020.03.31"]
[SourceVersion "1"]
[SourceVersionDate "2020.03.31"]
[SourceQuality "1"]

1. e4 c5 2. Nf3 d6 3. d4 cxd4 4. Nxd4 Nf6 5. Nc3 a6 6. Bg5 e6 7. Bc4 Be7 8. 0-0 0-0 9. Bxf6 Bxf6 10. Nde2 b5 11. Bd3 b4 12. Na4 Qa5 13. c3 Bd7 14. b3 Bxa4 15. bxa4 bxc3 16. Qc2 g6 17. f4 Nc6 18. a3 Qc5+ 19. Kh1 Rfb8 20. e5 dxe5 21. Qxc3 Qxc3 22. Nxc3 exf4 23. Rac1 Bxc3 24. Rxc3 Ne5 25. h3 Nxd3 26. Rxd3 Rd8 27. Rfd1 Rxd3 28. Rxd3 Kg7 29. Kg1 e5 30. Rd6 e4 31. Kf2 Rb8 32. Rxa6 Rb2+ 33. Kf1 Ra2 34. a5 Rxa3 35. Ra8 Ra1+ 36. Kf2 Ra2+ 37. Kf1 f5 38. a6 Kh6 39. a7 Kg5 40. Kg1 Kh4 41. Rc8 Rxa7 42. Rc2 Kg3 0-1

[Event "Basque-ch"]
[Site "Getxo"]
[Date "2019.04.28"]
[Round "7"]
[White "Garrido Legarreta, Jose Javier"]
[Black "Abalia Patino, Aritz"]
[Result "0-1"]
[WhiteElo "2006"]
[BlackElo "2205"]
[PlyCount "70"]
[EventDate "2019.04.22"]
[EventType "swiss"]
[EventRounds "7"]
[EventCountry "ESP"]
[SourceTitle "CBM 190 Extra"]
[Source "ChessBase"]
[SourceDate "2019.07.15"]
[SourceVersion "1"]
[SourceVersionDate "2019.07.15"]
[SourceQuality "1"]

1. d4 Nf6 2. c4 c5 3. d5 b5 4. cxb5 a6 5. bxa6 g6 6. Nc3 Bg7 7. e4 0-0 8. e5 Ne8 9. Nf3 d6 10. a7 Rxa7 11. Nb5 Rb7 12. exd6 exd6 13. a4 Nc7 14. Nc3 Re8+ 15. Be2 Qe7 16. Be3 Rxb2 17. Rc1 f5 18. g3 f4 19. gxf4 Bxc3+ 20. Rxc3 Rxe2+ 21. Kxe2 Ba6+ 22. Ke1 Qe4 23. Rg1 Nxd5 24. Ng5 Qd4 25. Qxd4 cxd4 26. Rb3 Nc6 27. Nf3 Na5 28. Rb1 dxe3 29. fxe3 Nxf4 30. Rg4 Nd3+ 31. Kd2 Nc4+ 32. Kc3 Rxe3 33. Rb8+ Kg7 34. Kd4 Rxf3 35. Ra8 Nc5 0-1

[Event "Erandio op 27th"]
[Site "Erandio"]
[Date "2018.12.19"]
[Round "5"]
[White "Garrido Legarreta, Jose Javier"]
[Black "Seoane Rodriguez, Unai"]
[Result "0-1"]
[WhiteElo "2045"]
[BlackElo "1808"]
[PlyCount "108"]
[EventDate "2018.12.15"]
[EventType "swiss"]
[EventRounds "8"]
[EventCountry "ESP"]
[SourceTitle "EXT 2020"]
[Source "ChessBase"]
[SourceDate "2019.10.17"]
[SourceVersion "1"]
[SourceVersionDate "2019.10.17"]
[SourceQuality "1"]

1. e4 e6 2. d4 d5 3. Nc3 Bb4 4. e5 c5 5. a3 Bxc3+ 6. bxc3 Qa5 7. Bd2 Qa4 8. Qb1 c4 9. Nf3 Ne7 10. Be2 Nbc6 11. 0-0 0-0 12. Nh4 Qa5 13. Qe1 b5 14. f4 Bd7 15. g4 f6 16. exf6 Rxf6 17. Nf3 Raf8 18. Ne5 Nxe5 19. dxe5 Qb6+ 20. Qf2 Qxf2+ 21. Rxf2 R6f7 22. Raf1 Rc8 23. Be3 Rc7 24. h4 h5 25. f5 hxg4 26. f6 Nf5 27. Bg5 gxf6 28. Bxf6 Ng3 29. Bxg4 Nxf1 30. Kxf1 Kh7 31. Rg2 Rf8 32. Ke2 Rg8 33. Bg5 Rcc8 34. Rf2 Rgf8 35. Bf6 Rc6 36. Rg2 Be8 37. h5 Rg8 38. Kf3 Bf7 39. Rg1 Kh6 40. Rb1 Rb6 41. Be7 Rh8 42. Kf4 Rg8 43. Bc5 Rb7 44. Be3 a6 45. Kg3+ Kh7 46. Kh4 Rd7 47. Rf1 Rg7 48. Rf6 a5 49. Rh6+ Kg8 50. Bxe6 Bxe6 51. Rxe6 Rdf7 52. Re8+ Kh7 53. Bg5 Rf1 54. Re7 Rh1+ 0-1

[Event "Erandio op 27th"]
[Site "Erandio"]
[Date "2018.12.17"]
[Round "3"]
[White "Garrido Legarreta, Jose Javier"]
[Black "Cuero Reid, Maximo Javier"]
[Result "1-0"]
[WhiteElo "2045"]
[BlackElo "1804"]
[PlyCount "77"]
[EventDate "2018.12.15"]
[EventType "swiss"]
[EventRounds "8"]
[EventCountry "ESP"]
[SourceTitle "EXT 2020"]
[Source "ChessBase"]
[SourceDate "2019.10.17"]
[SourceVersion "1"]
[SourceVersionDate "2019.10.17"]
[SourceQuality "1"]

1. e4 e6 2. d4 Be7 3. Nc3 d6 4. Nf3 Nd7 5. Bd3 c6 6. 0-0 e5 7. Be3 Ngf6 8. h3 0-0 9. a4 Re8 10. g4 g6 11. Bc4 h5 12. Bxf7+ Kxf7 13. Ng5+ Kg8 14. Ne6 Qa5 15. g5 Nxe4 16. Nxe4 Qd5 17. Nc7 Qxe4 18. Nxe8 Nf8 19. Kh2 Qf5 20. Rh1 Be6 21. Nc7 Bxg5 22. Kg2 Rc8 23. Nxe6 Nxe6 24. Qf3 Bf4 25. Bxf4 Nxf4+ 26. Kh2 e4 27. Qe3 Rf8 28. Rhg1 Rf6 29. Rg3 Kh7 30. f3 h4 31. Rg4 exf3 32. Rxh4+ Kg7 33. Qxf3 Qxc2+ 34. Kh1 Nd3 35. Rh7+ Kxh7 36. Qxf6 Nf2+ 37. Kg1 Nxh3+ 38. Kf1 Qd3+ 39. Kg2 1-0

[Event "Bizkaia-ch"]
[Site "Bilbao"]
[Date "2018.11.10"]
[Round "4"]
[White "Torres Garcia, Koldo"]
[Black "Garrido Legarreta, Jose Javier"]
[Result "0-1"]
[WhiteElo "1975"]
[BlackElo "2019"]
[PlyCount "133"]
[EventDate "2018.10.20"]
[EventType "swiss"]
[EventRounds "6"]
[EventCountry "ESP"]
[SourceTitle "CBM 187 Extra"]
[Source "ChessBase"]
[SourceDate "2018.11.04"]
[SourceVersion "1"]
[SourceVersionDate "2018.11.04"]
[SourceQuality "1"]

1. e4 e6 2. d4 d5 3. exd5 exd5 4. c4 Nf6 5. Nc3 Be7 6. Nf3 0-0 7. Bd3 dxc4 8. Bxc4 Bg4 9. h3 Bxf3 10. Qxf3 Qxd4 11. Bb3 c6 12. 0-0 Nbd7 13. Be3 Qb4 14. Rad1 Rfd8 15. Rd4 Ne5 16. Qf4 Rxd4 17. Bxd4 Ng6 18. Qe3 c5 19. Bxf6 Bxf6 20. Nd5 Qd4 21. Nxf6+ gxf6 22. Qf3 Rb8 23. Rd1 Qxb2 24. Qd5 Rf8 25. Qxc5 b6 26. Qc7 a5 27. Qxb6 Qe5 28. Rd5 Qa1+ 29. Kh2 a4 30. Bxa4 Qxa2 31. Bb3 Qa1 32. Rf5 Kg7 33. g3 Ne7 34. Rh5 Qc3 35. Qb7 Qe1 36. Qf3 Ng6 37. Rf5 Qe7 38. h4 Ne5 39. Qh5 Qb4 40. Bc2 Qc4 41. Bb1 Ng4+ 42. Kh3 Nh6 43. Rf4 Qf1+ 44. Kh2 Qxb1 45. Qf3 Qg6 46. h5 Qg5 47. Rd4 Re8 48. Rd5 f5 49. Qc3+ Qf6 50. Qd2 Ng4+ 51. Kg2 Re5 52. Rd6 Re6 53. Rd5 Re5 54. Rd7 Rb5 55. Qd1 Rb2 56. Rd2 Qc6+ 57. Kg1 Qc3 58. Rxb2 Qxb2 59. Qf3 Qxf2+ 60. Qxf2 Nxf2 61. Kxf2 Kh6 62. Kf3 Kxh5 63. Kf4 Kg6 64. Ke3 Kg5 65. Kf3 h5 66. Ke3 Kg4 67. Kf2 0-1

[Event "Erandio op 26th"]
[Site "Erandio"]
[Date "2017.12.21"]
[Round "6"]
[White "Garrido Legarreta, Jose Javier"]
[Black "Cuero Reid, Maximo Javier"]
[Result "1/2-1/2"]
[WhiteElo "1991"]
[BlackElo "1800"]
[PlyCount "54"]
[EventDate "2017.12.16"]
[EventType "swiss"]
[EventRounds "8"]
[EventCountry "ESP"]
[SourceTitle "CBM 182 Extra"]
[Source "ChessBase"]
[SourceDate "2018.02.23"]
[SourceVersion "1"]
[SourceVersionDate "2018.02.23"]
[SourceQuality "1"]

1. c4 Nc6 2. Nc3 Ne5 3. d4 Nxc4 4. e4 Nb6 5. d5 d6 6. Bd3 e5 7. Nf3 Be7 8. 0-0 Nf6 9. h3 a6 10. Be3 Nbd7 11. a4 Nf8 12. b4 Ng6 13. b5 axb5 14. axb5 Rxa1 15. Qxa1 Nh5 16. Ne2 0-0 17. Rc1 f5 18. exf5 Bxf5 19. Bxf5 Rxf5 20. Qc3 Qf8 21. Qxc7 Rf6 22. Qc4 Rf7 23. Kh1 Nhf4 24. Bxf4 Nxf4 25. Ng3 g5 26. Ne4 Qh6 27. Rc3 Rf8 1/2-1/2

[Event "Erandio op 26th"]
[Site "Erandio"]
[Date "2017.12.19"]
[Round "4"]
[White "Laiz Ibanez, Hector"]
[Black "Garrido Legarreta, Jose Javier"]
[Result "1-0"]
[WhiteElo "2253"]
[BlackElo "1991"]
[PlyCount "105"]
[EventDate "2017.12.16"]
[EventType "swiss"]
[EventRounds "8"]
[EventCountry "ESP"]
[SourceTitle "CBM 182 Extra"]
[Source "ChessBase"]
[SourceDate "2018.02.23"]
[SourceVersion "1"]
[SourceVersionDate "2018.02.23"]
[SourceQuality "1"]

1. e4 Nf6 2. e5 Nd5 3. d4 d6 4. Nf3 Bg4 5. Bc4 e6 6. 0-0 Be7 7. c3 dxe5 8. dxe5 c6 9. Re1 Nd7 10. h3 Bxf3 11. Qxf3 0-0 12. Nd2 Bc5 13. Nb3 Bb6 14. Qg3 Kh8 15. Nd4 Bxd4 16. cxd4 Ne7 17. Bd3 Ng6 18. Bd2 c5 19. Be3 cxd4 20. Bxd4 Qh4 21. Qxh4 Nxh4 22. Be4 Nf5 23. Bxf5 exf5 24. e6 fxe6 25. Rxe6 b6 26. Re7 Nf6 27. Rc1 Ne8 28. Be5 Kg8 29. Rd1 Rf7 30. Rdd7 Rxe7 31. Rxe7 a5 32. Rb7 Ra6 33. f4 a4 34. a3 h6 35. Kf2 Nf6 36. Ke2 Ra5 37. Rxb6 Rc5 38. Bxf6 gxf6 39. Kd2 Rd5+ 40. Kc3 Rc5+ 41. Kb4 Rc2 42. Kxa4 Rxg2 43. Rxf6 Rxb2 44. Rxf5 Kg7 45. h4 Kg6 46. Rb5 Rf2 47. h5+ Kf6 48. Rc5 Rxf4+ 49. Kb5 Rf1 50. a4 Rb1+ 51. Ka6 Rb8 52. a5 Rb1 53. Ka7 1-0

[Event "Euskadi-ch"]
[Site "Zornotza"]
[Date "2016.04.03"]
[Round "7"]
[White "Alfaro Garcia del Cerro, Juan L"]
[Black "Garrido Legarreta, Jose Javier"]
[Result "1-0"]
[WhiteElo "1930"]
[BlackElo "1988"]
[PlyCount "51"]
[EventDate "2016.03.28"]
[EventType "swiss"]
[EventRounds "7"]
[EventCountry "ESP"]
[SourceTitle "EXT 2018"]
[Source "ChessBase"]
[SourceDate "2017.10.13"]
[SourceVersion "1"]
[SourceVersionDate "2017.10.13"]
[SourceQuality "1"]

1. Nf3 Nf6 2. c4 g6 3. Nc3 d5 4. cxd5 Nxd5 5. e4 Nxc3 6. bxc3 Bg7 7. d4 c5 8. Be3 Qa5 9. Nd2 0-0 10. Rc1 Qxa2 11. Nc4 Qa6 12. Be2 Nd7 13. 0-0 Qc6 14. Rb1 e5 15. d5 Qf6 16. Qd2 Qe7 17. f3 b6 18. Rb3 Nf6 19. Ra1 Bb7 20. Qb2 Ne8 21. Rba3 Nd6 22. Rxa7 Nxc4 23. Bxc4 Rxa7 24. Rxa7 Qc7 25. d6 Qc6 26. Bd5 1-0

[Event "Euskadi-ch"]
[Site "Zornotza"]
[Date "2016.03.31"]
[Round "4"]
[White "Garrido Legarreta, Jose Javier"]
[Black "Diez Fraile, David"]
[Result "1/2-1/2"]
[WhiteElo "1988"]
[BlackElo "2190"]
[PlyCount "62"]
[EventDate "2016.03.28"]
[EventType "swiss"]
[EventRounds "7"]
[EventCountry "ESP"]
[SourceTitle "EXT 2018"]
[Source "ChessBase"]
[SourceDate "2017.10.13"]
[SourceVersion "1"]
[SourceVersionDate "2017.10.13"]
[SourceQuality "1"]

1. d4 d5 2. c4 e6 3. Nc3 Nf6 4. Bg5 Nbd7 5. e3 c6 6. Nf3 Qa5 7. Nd2 dxc4 8. Bxf6 Nxf6 9. Nxc4 Qc7 10. Be2 Be7 11. 0-0 0-0 12. Qc2 Bd7 13. Rac1 c5 14. Rfd1 Rfd8 15. Ne5 Be8 16. f4 Rac8 17. Ne4 Qb8 18. dxc5 Rxd1+ 19. Bxd1 Nxe4 20. Qxe4 Rxc5 21. Rxc5 Bxc5 22. Bc2 g6 23. Ng4 h5 24. Nf6+ Kf8 25. b4 Be7 26. Qd4 Bxf6 27. Qxf6 Qd6 28. Qc3 Bc6 29. Qc5 Ke7 30. Kf2 b6 31. Qxd6+ Kxd6 1/2-1/2

[Event "Euskadi-ch"]
[Site "Zornotza"]
[Date "2014.04.27"]
[Round "7"]
[White "Galarza Cenzano, Inigo"]
[Black "Garrido Legarreta, Jose Javier"]
[Result "1/2-1/2"]
[WhiteElo "2035"]
[BlackElo "2050"]
[PlyCount "108"]
[EventDate "2014.04.21"]
[EventType "swiss"]
[EventRounds "7"]
[EventCountry "ESP"]
[SourceTitle "CBM 160 Extra"]
[Source "ChessBase"]
[SourceDate "2014.07.01"]
[SourceVersion "1"]
[SourceVersionDate "2014.07.01"]
[SourceQuality "1"]

1. d4 Nf6 2. c4 g6 3. Nf3 Bg7 4. Nc3 d5 5. Qb3 dxc4 6. Qxc4 0-0 7. e4 Na6 8. Be2 c5 9. d5 e6 10. 0-0 exd5 11. exd5 Bf5 12. Be3 Qb6 13. Nh4 Bd7 14. Rab1 Qa5 15. a3 Rac8 16. Rbd1 Rfe8 17. Qb3 Qb6 18. Qxb6 axb6 19. Bb5 Nc7 20. Bxd7 Nxd7 21. d6 Ne6 22. Nd5 Kf8 23. Nf3 Rc6 24. Ne7 Rxe7 25. dxe7+ Kxe7 26. Rd2 Ne5 27. Nxe5 Bxe5 28. Rfd1 Nd4 29. Bxd4 Bxd4 30. g3 Rc8 31. Kg2 b5 32. Kf3 Ra8 33. Rc2 b6 34. Rd3 Ra4 35. Rb3 Ra5 36. Ke4 Kd6 37. g4 f6 38. Rh3 Ra7 39. f4 Re7+ 40. Kd3 Kd5 41. b3 Re4 42. Rf3 Re1 43. Rh3 Ra1 44. Rxh7 Rxa3 45. Rd7+ Ke6 46. Rxd4 Rxb3+ 47. Kd2 cxd4 48. Rc6+ Kd5 49. Rxf6 Ke4 50. Re6+ Kxf4 51. Rxg6 b4 52. Rxb6 Kxg4 53. Rd6 d3 54. Rxd3 Rxd3+ 1/2-1/2

[Event "Euskadi-ch"]
[Site "Zornotza"]
[Date "2014.04.26"]
[Round "6"]
[White "Perez Fernandez, Modesto C"]
[Black "Garrido Legarreta, Jose Javier"]
[Result "1-0"]
[WhiteElo "2038"]
[BlackElo "2050"]
[PlyCount "107"]
[EventDate "2014.04.21"]
[EventType "swiss"]
[EventRounds "7"]
[EventCountry "ESP"]
[SourceTitle "CBM 160 Extra"]
[Source "ChessBase"]
[SourceDate "2014.07.01"]
[SourceVersion "1"]
[SourceVersionDate "2014.07.01"]
[SourceQuality "1"]

1. e4 d6 2. d4 Nf6 3. Nc3 g6 4. Bg5 Bg7 5. f4 h6 6. Bh4 c5 7. e5 Nh5 8. exd6 Qxd6 9. Bb5+ Bd7 10. Bxd7+ Nxd7 11. dxc5 Qxd1+ 12. Rxd1 Nxf4 13. Bg3 Ne6 14. Nge2 Be5 15. b4 a5 16. a3 axb4 17. axb4 Bxg3+ 18. Nxg3 Ne5 19. 0-0 0-0 20. Nd5 Rfe8 21. Rfe1 f6 22. Ne4 Kf7 23. Rf1 Kg7 24. Nec3 Kf7 25. Rde1 Kg7 26. h3 Rad8 27. Rd1 Rd7 28. Nb6 Rxd1 29. Rxd1 Rd8 30. Rxd8 Nxd8 31. b5 Ne6 32. Nca4 Nd4 33. c4 Nb3 34. Kf1 Kf7 35. Ke2 Nd4+ 36. Ke3 Nf5+ 37. Ke2 Ke8 38. Nc3 Nd7 39. Nba4 Kd8 40. Nd5 Nd4+ 41. Ke3 Ne6 42. Nf4 Nexc5 43. Nxc5 Nxc5 44. Nxg6 e5 45. Nh4 Kd7 46. Nf5 Ke6 47. g4 Kf7 48. Nxh6+ Kg6 49. Nf5 Kg5 50. Kf3 e4+ 51. Kg3 b6 52. h4+ Kg6 53. Kf4 Kf7 54. Nd6+ 1-0

[Event "Euskadi-chT (Vasca) Div Honor"]
[Site "Bergara"]
[Date "2014.01.11"]
[Round "1"]
[White "Garrido Legarreta, Jose Javier"]
[Black "Albaina Alvarez, Alvaro Ignacio"]
[Result "0-1"]
[WhiteElo "2073"]
[BlackElo "2131"]
[PlyCount "118"]
[EventDate "2014.01.11"]
[EventType "team-tourn"]
[EventRounds "9"]
[EventCountry "ESP"]
[SourceTitle "EXT 2024"]
[Source "ChessBase"]
[SourceDate "2023.10.10"]
[SourceVersion "1"]
[SourceVersionDate "2023.10.10"]
[SourceQuality "1"]

1. d4 f5 2. Bg5 c6 3. c4 Qb6 4. Qd2 e6 5. Nc3 d5 6. e3 Nd7 7. Nf3 Ngf6 8. c5 Qd8 9. Bd3 Be7 10. Qc2 0-0 11. 0-0 Ne4 12. Bxe7 Qxe7 13. b4 e5 14. dxe5 Nxe5 15. Nxe5 Qxe5 16. Ne2 Bd7 17. Rab1 a6 18. Qb2 Qe7 19. Rfd1 Rae8 20. Qd4 Rf6 21. Bxe4 fxe4 22. Rd2 Ref8 23. Ng3 Be8 24. a4 h5 25. b5 h4 26. Nf1 axb5 27. axb5 Qf7 28. Rbb2 Rg6 29. bxc6 Rxg2+ 30. Kxg2 Qf3+ 31. Kg1 Rf5 32. Ng3 h3 33. Kf1 Qg2+ 34. Ke1 Bxc6 35. Kd1 Qg1+ 36. Kc2 Rf8 37. Nh5 Ra8 38. Qxg7+ Qxg7 39. Nxg7 Kxg7 40. Kb1 Kf6 41. Rd1 Rg8 42. Rf1 Ke5 43. f4+ exf3 44. Rxf3 d4 45. exd4+ Kxd4 46. Rxh3 Kxc5 47. Kc2 b5 48. Kc3 Rg1 49. Rh5+ Kb6 50. Kd3 Ka5 51. Rh4 Bd5 52. Ke3 Bc4 53. Rd4 Ka4 54. h4 Rh1 55. Kf3 Ka3 56. Rbd2 Kb3 57. Kg4 Kc3 58. Rd1 Rxd1 59. Rxd1 Be2+ 0-1

[Event "Euskadi-chT Div Honor"]
[Site "Bergara"]
[Date "2013.02.23"]
[Round "7.3"]
[White "Garrido Legarreta, Jose Javier"]
[Black "Gomez Esteban, Juan Mario"]
[Result "0-1"]
[WhiteElo "2060"]
[BlackElo "2463"]
[PlyCount "86"]
[EventDate "2013.01.12"]
[EventType "team"]
[EventRounds "9"]
[EventCountry "ESP"]
[SourceTitle "EXT 2015"]
[Source "ChessBase"]
[SourceDate "2014.11.20"]
[SourceVersion "1"]
[SourceVersionDate "2014.11.20"]
[SourceQuality "1"]

1. e4 c6 2. d4 d5 3. Nd2 dxe4 4. Nxe4 Bf5 5. Ng3 Bg6 6. Nf3 Nd7 7. h4 h6 8. h5 Bh7 9. Bd3 Bxd3 10. Qxd3 e6 11. Bd2 Ngf6 12. 0-0-0 Be7 13. Qe2 Qb6 14. Rhe1 0-0 15. Ne5 Rad8 16. Ng6 Rfe8 17. Nxe7+ Rxe7 18. Nf5 Ree8 19. Nd6 Rf8 20. Kb1 c5 21. dxc5 Nxc5 22. Nc4 Qb5 23. b3 Nce4 24. Ka1 Nxd2 25. Rxd2 Rxd2 26. Qxd2 Qxh5 27. Ne5 Qf5 28. f3 Nd5 29. Re4 Qf6 30. c4 Ne7 31. Kb1 Nc6 32. Nd7 Qd8 33. Re2 Re8 34. f4 Qe7 35. Ne5 Nxe5 36. Rxe5 Rd8 37. Qe2 Qd6 38. Kc2 Qd4 39. f5 exf5 40. Rxf5 Qa1 41. Ra5 a6 42. Qf3 Re8 43. Qg4 Qe1 0-1

[Event "Erandio op 21st"]
[Site "Erandio"]
[Date "2012.12.28"]
[Round "6"]
[White "Garrido Legarreta, Jose Javier"]
[Black "Cendagortagalarza Rodrigu, Jose Luis"]
[Result "1-0"]
[WhiteElo "2057"]
[BlackElo "1726"]
[PlyCount "59"]
[EventDate "2012.12.22"]
[EventType "swiss"]
[EventRounds "9"]
[EventCountry "ESP"]
[SourceTitle "CBM 152 Extra"]
[Source "ChessBase"]
[SourceDate "2013.02.25"]
[SourceVersion "1"]
[SourceVersionDate "2013.02.25"]
[SourceQuality "1"]

1. e4 c5 2. Nf3 d6 3. d4 cxd4 4. Nxd4 Nf6 5. Nc3 g6 6. Be3 Bg7 7. f3 0-0 8. Qd2 Nc6 9. Bc4 Bd7 10. 0-0-0 Qb8 11. Rhe1 b5 12. Bd5 Rc8 13. Nxc6 Bxc6 14. Bxc6 Rxc6 15. Nd5 Qb7 16. Bd4 a5 17. Nxf6+ exf6 18. Qf4 Rac8 19. Re2 Qc7 20. Rdd2 Qe7 21. Kb1 b4 22. Bf2 a4 23. Bg3 g5 24. Qf5 b3 25. c3 bxa2+ 26. Kxa2 Qb7 27. Bxd6 Rxd6 28. Rxd6 Qb3+ 29. Kb1 Rb8 30. Qd5 1-0

[Event "Bizkaia-ch Preferente"]
[Site "Bilbao"]
[Date "2012.11.10"]
[Round "4.8"]
[White "Cuero Reid, Maximo Javier"]
[Black "Garrido Legarreta, Jose Javier"]
[Result "0-1"]
[WhiteElo "1886"]
[BlackElo "2056"]
[PlyCount "66"]
[EventDate "2012.10.20"]
[EventType "swiss"]
[EventRounds "6"]
[EventCountry "ESP"]
[SourceTitle "EXT 2024"]
[Source "ChessBase"]
[SourceDate "2023.10.10"]
[SourceVersion "1"]
[SourceVersionDate "2023.10.10"]
[SourceQuality "1"]

1. g4 d5 2. Bg2 Bxg4 3. c4 c6 4. cxd5 cxd5 5. Nc3 Nf6 6. Qb3 e6 7. Qxb7 Nbd7 8. d4 Be7 9. Nf3 0-0 10. Qa6 Bxf3 11. Bxf3 Nb6 12. 0-0 Qd7 13. Kh1 Kh8 14. Rg1 Rab8 15. Bf4 Rb7 16. b3 Rc8 17. Rac1 Rc6 18. Nb5 Nc4 19. Qxc6 Qxc6 20. bxc4 Qd7 21. Nc3 Rb4 22. cxd5 exd5 23. Be5 h6 24. e4 dxe4 25. Nxe4 Rxd4 26. Bxf6 Bxf6 27. Nxf6 gxf6 28. Rg3 Rd5 29. h4 Rd4 30. h5 f5 31. Rcg1 Rh4+ 32. Kg2 f4 33. Rd1 Qxd1 0-1